| 000 | 00549cam a22001691 4500 | ||
|---|---|---|---|
| 082 |
_a621.371 _bSTU _cL-1 P-6 |
||
| 100 | 1 |
_aStubbings, George Wilfred, _939327 |
|
| 245 | 1 | 0 | _aElectricity meters & meter testing. |
| 250 | _a2d ed., rev. | ||
| 260 |
_aLondon, _bChapman & Hall, _c1947. |
||
| 300 |
_axii, 220 p. _billus. _c23 cm. |
||
| 500 | _a"Recent books and papers dealing with meters and meter testing": p. 217-218. | ||
| 526 |
_a0 _b0 _c0 _d621_371000000000000_STU |
||
| 650 | 0 |
_aElectric meters. _941367 |
|
| 650 | 0 |
_aMCE _9379 |
|
| 942 |
_2ddc _cBK |
||
| 999 |
_c545726 _d545726 |
||